Fase a eliminazione diretta del Campionato Europeo di Calcio 2024. - Statistics

Statistiche generali
  • Questo quiz è stato fatto 232 volte
  • Il punteggio medio è 13 su 16
Statistiche sulle risposte
Risposta % Corretto
Spagna
100%
Italia
99%
Portogallo
97%
Francia
97%
Svizzera
96%
Inghilterra
95%
Germania
92%
Belgio
91%
Danimarca
79%
Austria
76%
Slovenia
74%
Turchia
70%
Paesi Bassi
69%
Slovacchia
67%
Romania
66%
Georgia
61%
Nessun quiz corrispondente trovato
Distribuzione punteggi
Percentuale di utenti per punteggio
Percentile per numero di risposta
I tuoi punteggi nel tempo
Non hai fatto questo quiz